Clic Dans quel album de Tintin apparait ce personnage ? (1) - Statistiques

Statistiques générales
  • Ce quiz a été pris 57 fois
  • Le résultat moyen est 18 sur 40
Statistiques - réponses
Hint Explanation Réponse % Correct
Liou Ju-Lin riche chinois Le Lotus bleu
90%
Ranko gorille L'Île Noire
83%
Hippolyte Bergamotte ethnologue belge Les Sept Boules de cristal
79%
Tchang Tchong-Jen ami de Tintin Le Lotus bleu
76%
Archibald Haddock marin d'origine française et le meilleur ami de Tintin. Le Crabe aux pinces d'or
72%
Alonzo Perez criminel qui tente de voler le fétiche des Arumbayas L'Oreille cassée
69%
Wang Jen-Ghié érudit chinois Le Lotus bleu
66%
Rupac Inca Huaco dit Chiquito. Descendant des Incas Les Sept Boules de cristal
66%
Piotr Szut pilote Coke en stock
62%
Yamato complice de Mitsuhirato Le Lotus bleu
59%
Mrs Snowball membre des Frères de Kih-Oskh Les Cigares du pharaon
59%
Ramon Bada criminel L'Oreille cassée
59%
Trovik rebelle syldave Le Sceptre d'Ottokar
55%
Philippulus ancien astronome L'Étoile mystérieuse
55%
Général Tapioca homme politique santhéodorien L'Oreille cassée
55%
Abdallah fils unique de Mohammed Ben Kalish Ezab Tintin au pays de l'or noir
55%
Schzlozitch pilote syldave Le Sceptre d'Ottokar
52%
Œil-de-Bœuf membre de la tribu des Pieds-Noirs Tintin en Amérique
52%
Chat de Moulinsart non nommé, c'est un siamois Les Sept Boules de cristal
48%
Don José Trujillo propriétaire immobilier L'Oreille cassée
48%
Mike MacAdam détective américain Tintin en Amérique
48%
Wizskizsek commandant de gendarmerie en Syldavie Le Sceptre d'Ottokar
45%
Bill membre du Syndicat des Gangsters de Chicago Tintin en Amérique
45%
Tom Hawake dirige les usines de conserve Slift Tintin en Amérique
45%
Mik Ezdanitoff savant Vol 714 pour Sydney
45%
Ivan garde personnel du docteur Müller L'Île Noire
38%
Zlop complotiste syldave Le Sceptre d'Ottokar
28%
Ibn-Abou-Bekhr sergent de l'armée saoudienne Les Cigares du pharaon
24%
Eugène Triboulet médecin L'Oreille cassée
24%
Cipaçalouvishni fakir Le Lotus bleu
21%
Médecin de bord du bateau qui emmène le reporter Tintin au Congo Tintin au Congo
21%
Pietro gangster travaillant pour Al Capone. Tintin en Amérique
21%
Ragdalam fakir Les Sept Boules de cristal
17%
Walter Rizotto photographe L'Île Noire
17%
Harry pompier à Eastdown L'Île Noire
17%
Hippolyte Bolivar homme fort Tintin en Amérique
17%
Brown policier travaillant à la police de la concession internationale de Shanghai Le Lotus bleu
14%
Ali membre égyptien de l'équipage du Karaboudjan Le Crabe aux pinces d'or
10%
Jules agent de sécurité et concierge au Musée d'Ethnographie L'Oreille cassée
10%
Johnson homme d'affaires saoricain L'Étoile mystérieuse
3%
Aucun quiz correspondant
Distribution des résultats
% des personnes avec chaque résultat
Percentile par nombre de réponses
Votre historique - résultats
Vous n’avez pas pris ce quiz